| 000 -CABECERA |
| Longitud fija campo de control |
00472nam a2200169 a 4500 |
| 001 - NÚMERO DE CONTROL |
| Número de control |
4583 |
| 003 - IDENTIFICADOR DEL NÚMERO DE CONTROL |
| Identificador del número de control |
CDMR |
| 005 - FECHA Y HORA DE LA ÚLTIMA TRANSACCIÓN |
| Fecha y hora de la última transacción |
20130313140105.0 |
| 008 - CÓDIGOS DE INFORMACIÓN DE LONGITUD FIJA |
| Códigos de información de longitud fija |
130130s1993||||||||||||||||||||||||||||d |
| 020 ## - NÚMERO INTERNACIONAL NORMALIZADO PARA LIBROS |
| Número Internacional Normalizado para Libros (ISBN) |
8476644132 |
| 040 ## - FUENTE DE LA CATALOGACIÓN |
| Centro catalogador de origen |
CDMR |
| Lengua de catalogación |
cat |
| Centro transcriptor |
CDMR |
| 111 2# - PUNTO DE ACCESO PRINCIPAL-NOMBRE DE CONGRESO |
| 9 (RLIN) |
3032 |
| Nombre de congreso o jurisdicción como elemento de entrada |
FotoPres |
| Sede del congreso |
Barcelona |
| Fecha del congreso |
1993 |
| Número del congreso o número de parte o sección de la obra |
10è |
| 245 10 - MENCIÓN DE TÍTULO |
| Título |
Fotopres 1993 |
| Resto del título |
: Barcelona, 29 de juny - 1 d'agost de 1993 |
| 260 ## - PUBLICACIÓN, DISTRIBUCIÓN, ETC. (PIE DE IMPRENTA) |
| Lugar de publicación, distribución, etc. |
Barcelona |
| Fecha de publicación, distribución, etc. |
1993 |
| Nombre del editor, distribuidor, etc. |
Fundació "La Caixa" |
| 500 ## - NOTA GENERAL |
| Nota general |
Catàleg exposició |
| 942 ## - ENTRADA DE ELEMENTOS AGREGADOS (KOHA) |
| Koha [por defecto] tipo de item |
Monografies |
| Fuente de clasificaión o esquema |
|